O Rio de Janeiro na literatura portuguesa (Registo nº 201533)

Detalhes MARC
000 -Etiqueta do registo
Valores 00615nam 22001693 4500
100 ## - Dados gerais de processamento
Dados gerais 20260325d u||y0pory50 ba
200 ## - Titulo e menção de responsabilidade
Título próprio O Rio de Janeiro na literatura portuguesa
Primeira menção de responsabilidade colectânea organizada por Jacinto do Prado Coelho
210 ## - Publicação
Local de publicação Lisboa
Nome do editor Comissão Nacional das Comemorações do IV Centenário do Rio de Janeiro
Data de publicação 1965
215 ## - Descrição física 
Paginação / Volumes 354, [10] p.
Outras indicações físicas il. ; brochado
Dimensões 25 cm
606 ## - Nome comum usado como assunto
ID Autoridade 3661
Palavra de ordem Crítica Literária.Estudos Literários
675 ## - CDU
Notação 82.09
Edição PT
Língua por
700 ## - Autor principal (pessoa individual)
ID Autoridade 6287
Apelido Coelho
Nome Jacinto do Prado
Datas 1920-1984
801 ## - Fonte de origem
País PT
Agência BMMN
Regras de catalogação RPC
830 ## - Notas gerais do catalogador
Criado por Vanda
990 ## - Elementos KOHA
Tipo de documento Livro
Exemplares
Situação do levantamento Biblioteca de origem Código de barras Cota Permissão de empréstimo Tipo de documento Forma de aquisição
  Biblioteca Municipal de Montemor-o-Novo 30871 82.09 COE|DEP   Livro Compra

Powered by Koha